| 000 | 01129nac a22002411u 4500 | ||
|---|---|---|---|
| 008 | 100921t xxu||||| |||| 00| 0 eng d | ||
| 010 | _a 2002280973 | ||
| 020 | _a0471998141 | ||
| 020 | _a9780471998143 | ||
| 035 | _a(OCoLC)ocm48930797 | ||
| 082 | 0 | 0 |
_a660.2842 _bGRI |
| 100 |
_aGriskey, Richard G., _919652 |
||
| 245 | 1 | 0 |
_aTransport Phenomena and Unit Operations : _bA Combined Approach / _cRichard G. Griskey. |
| 260 |
_aNew York : _bWiley-Interscience, _cc2006 |
||
| 300 |
_axi, 448 p. : _bill. ; _c25 cm. |
||
| 504 | _aIncludes bibliographical references and index. | ||
| 650 | 0 |
_aTransport theory. _919653 |
|
| 856 | 4 | 2 |
_3Contributor biographical information _uhttp://www.loc.gov/catdir/bios/wiley043/2002280973.html |
| 856 | 4 | 2 |
_3Publisher description _uhttp://www.loc.gov/catdir/description/wiley036/2002280973.html |
| 856 | 4 | 2 |
_3Table of contents _uhttp://www.loc.gov/catdir/toc/wiley023/2002280973.html |
| 942 |
_cBB _k660.2842 GRI _2ddc |
||
| 999 |
_c1920 _d1920 |
||